000 00523nam a2200193Ia 4500
003 GCL
008 140319s9999 xx 000 0 ara d
040 _aGCL /
_cGCL
082 0 4 _aط
_b741.5
_bب ا
100 1 _aبهجت ابو غربية
245 1 0 _aالابتسام ممنوع /
_cبهجت ابو غربية
700 1 _aبهجت
300 _a130 ص
490 _aسلسلة الفكاهة
_v0
650 0 4 _aالاطفال
650 0 4 _aالكاريكاتير
650 0 4 _aالفكاهات
942 _2ddc
_cBK
999 _c51082
_d51082